000 01229nam0a22002891 4500
001 rc\256620
005 20250621023718.0
010 _a5-280-01156-8
_950000
035 _a(NLR Aleph) 005528221
090 _a5581186
_c5581186
100 _a20030307d1990 |||y0rusy50 ca
101 0 _arus
102 _aRU
105 _aa |||||||||
200 1 _aИзбранное
_eРоман и повести
_eПер. с узб.
_fАскад Мухтар
_g[Вступ. ст. Л. Звонаревой]
210 _aМ.
_cХудож. лит.
_d1990
215 _a557, [2] с., [1] л. портр.
_d22
327 1 _aСодерж.: Чинара: Роман в легендах, рассказах и повестях; Повести: Каракалпакская повесть; Узкие улочки Бухары
464 0 _12001#$aЧинара
_tЧинара
464 0 _12001#$aКаракалпакская повесть
_tКаракалпакская повесть
464 0 _12001#$aУзкие улочки Бухары
_tУзкие улочки Бухары
700 1 _aМухтар
_bА.
_f1920-
_gАскад
801 0 _aRU
_bNLR
_gpsbo
801 1 _aRU
_bELAR
_2rusmarc
852 _aNLR
_j90-3/477
942 _cBOOK
980 _aNB